Sports Quiz

Random Sports or NBA Quiz
Score 0/12 Timer 01:30
9 Plays Today
% Correct
Seahawks
85.3%
Penguins
82.5%
Heat
76.4%
Saints
75.2%
Steelers
64.7%
Hornets
63.8%
Braves
62.8%
Hawks
62.5%
Brewers
56%
Predators
48.3%
Panthers
46.6%
Blue Jays
43.1%
Remove Ads.
Support Sporcle.
Get the best of Sporcle when you Go Orange. This ad-free experience offers more features, more stats, and more fun while also helping to support Sporcle. Thank you for becoming a member.

You're not logged in!

Compare scores with friends on all Sporcle quizzes.
OR
Log In

Show Comments

Extras

Top Quizzes Today


Score Distribution

Your Account Isn't Verified!

In order to create a playlist on Sporcle, you need to verify the email address you used during registration. Go to your Sporcle Settings to finish the process.

Report this User

Report this user for behavior that violates our Community Guidelines.

Details: